Southville International School and Colleges
Your cart is empty.
  • Cart
  • Lists
    Public lists Eva Luna New books Lux_list list_1
    Your lists Log in to create your own lists
  • Log in to your account
  • Your cookies
  • Search history
Southville International School and Colleges
  • Advanced search
  • Recent comments
  • Most popular
  • Libraries

Log in to your account

Log in with GOOGLE


If you do not have an external account, but do have a local account, you can still log in:

  1. Home
  2. MARC view: International marketing management /
Normal view MARC view ISBD view

International marketing management / (Record no. 14596)

[ view plain ]
MARC details
000 -LEADER
fixed length control field 00578nam a2200193 a 4500
003 - CONTROL NUMBER IDENTIFIER
control field PILC
005 - DATE AND TIME OF LATEST TRANSACTION
control field 20150112093437.0
008 - FIXED-LENGTH DATA ELEMENTS--GENERAL INFORMATION
fixed length control field 100720s19uu xx 00 eng d
020 ## - INTERNATIONAL STANDARD BOOK NUMBER
International Standard Book Number 0534932886
050 ## - LIBRARY OF CONGRESS CALL NUMBER
Classification number HF 1416
Item number .J35 1993
082 ## - DEWEY DECIMAL CLASSIFICATION NUMBER
Classification number MkSF 658.848
Item number J19 1993
100 ## - MAIN ENTRY--PERSONAL NAME
Personal name Jain, Subash C.
9 (RLIN) 16465
245 ## - TITLE STATEMENT
Title International marketing management /
Statement of responsibility, etc Jain C. Subhash
250 ## - EDITION STATEMENT
Edition statement 4th ed.
260 ## - PUBLICATION, DISTRIBUTION, ETC. (IMPRINT)
Place of publication, distribution, etc Balmont, California :
Name of publisher, distributor, etc Wadsworth Publishinh Company,
Date of publication, distribution, etc 1993.
300 ## - PHYSICAL DESCRIPTION
Extent 912 pages :
Dimensions 28 cm.
650 ## - SUBJECT ADDED ENTRY--TOPICAL TERM
Topical term or geographic name as entry element Export marketing - Management
9 (RLIN) 16355
942 ## - ADDED ENTRY ELEMENTS (KOHA)
Source of classification or shelving scheme Library of Congress Classification
Koha item type Books
Holdings
Withdrawn status Lost status Source of classification or shelving scheme Damaged status Home library Current library Shelving location Date acquired Total Checkouts Full call number Barcode Date last seen Copy number Price effective from Koha item type
    Library of Congress Classification   Southville International School Affiliated with Foreign Universities Library Southville International School Affiliated with Foreign Universities Library Southville Foreign University Section 09/04/2013   HF 1416 .J35 1993 SFU0804 05/15/2018 1 09/04/2013 Books

International marketing management /

APA

Jain S. C., . (1993). International marketing management. Balmont, California: Wadsworth Publishinh Company.

Chicago

Jain Subash C, . 1993. International marketing management. Balmont, California: Wadsworth Publishinh Company.

Harvard

Jain S. C., . (1993). International marketing management. Balmont, California: Wadsworth Publishinh Company.

MLA

Jain Subash C, . International marketing management. Balmont, California: Wadsworth Publishinh Company. 1993.

  • Place hold
  • Print
  • Cite
  • Add to your cart (remove)
  • Save record
    BIBTEX Dublin Core MARCXML MARC (non-Unicode/MARC-8) MARC (Unicode/UTF-8) MARC (Unicode/UTF-8, Standard) MODS (XML) RIS
  • More searches
    Search for this title in:
    Other Libraries (WorldCat) Other Databases (Google Scholar) Online Stores (Bookfinder.com) Open Library (openlibrary.org)

Exporting to Dublin Core...

SOUTHVILLE LIBRARY

Southville International School and Colleges Library

1281 Tropical Ave. Cor. Luxembourg St., BF Homes International, Las Pinas City

Tel. No. 8256374 / 252358 Loc. 117/146

Powered by Koha